Ssundee Quiz - Statistics

General Stats
  • This quiz has been taken 174 times
  • The average score is 9 of 11
Answer Stats
Hint Answer % Correct
yellow biffle
96%
dark green sigils
95%
cyan ssundee
94%
light purple helloiamk8
93%
light green henwy
89%
purple zud
89%
white nicovald
83%
blue garryblox
81%
red lookumz
79%
black patp
65%
light red loafx
58%
No matching quizzes found
Score Distribution
Percent of People with Each Score
Percentile by Number Answered
Your Score History
You have not taken this quiz